Kupus

Bibliographic Details
Main Author: Červenský, Janko (Author)
Format: Book
Language:Serbian
PhysicalDescription:82, [2] s. fotogr., ilustr., mp. 22 cm
Published: Beograd Draganić 2004
ISBN:8644105361
Series:Poljoprivredna biblioteka
Subjects:

MARC

LEADER 00000nam a2200000 a 4500
001 vtls008158781
003 SK-MaSNL
005 20260302074027.0
008 251106s2004 yu oab n 000 0 scc
015 |a SNBZSA2005-00281 
020 |a 8644105361  |q (brož.) 
040 |a SNK  |b slo  |c SNK  |e AACR2 
072 7 |a 635  |x Záhradkárstvo  |2 konspekt 
080 |a 635.34  |2 snkbuxs 
100 1 |a Červenský, Janko  |4 aut  |9 739153 
245 1 0 |a Kupus  |c Janko Červenski, Đuro Gvozdenović 
260 |a Beograd  |b Draganić  |c 2004 
300 |a 82, [2] s.  |b fotogr., ilustr., mp.  |c 22 cm 
490 1 |a Poljoprivredna biblioteka 
500 |a Rukopisné venovanie od rodiny Červenskovcov 
500 |a Písmo cyrilika 
500 |a 5000 výt. 
504 |a Bibliogr. s. 79-82 
650 0 7 |a kapusta  |2 snkbuxs  |9 79558 
650 0 7 |a pestovanie  |2 snkbuxs  |9 336890 
655 7 |a odborné publikácie  |2 snkph  |9 60423 
830 0 |a Poljoprivredna biblioteka  |9 739154 
919 |a 86-441-0536-1 
958 |a ZS 
958 |a YU 
958 |a NB 
958 |a OND 
999 |c 1163311  |d 1165241 
952 |a SNK  |b SNK  |y PREZ  |7 0  |p 17A0471652  |o snkSC 120591  |i snk2005/11208  |8 2  |g 1.66  |z Venovanie na patitule  |0 0  |1 0  |4 0  |d 2005-06-07  |l 0  |r 2025-05-30 00:00:00  |w 2026-02-24